Advanced Dynamics and Model-Based Control of Structures and Machines

The book contains 26 scientific contributions by leading experts from Russia, Austria, Italy, Japan and Taiwan. It presents an overview on recent developments in Advanced Dynamics and Model Based Control of Structures and Machines. Main topics are nonlinear control of structures and systems, sensing...

Full description

Bibliographic Details
Corporate Author: SpringerLink (Online service)
Other Authors: Irschik, Hans (Editor), Krommer, Michael (Editor), Belyaev, Alexander K. (Editor)
Format: Electronic eBook
Language:English
Published: Vienna : Springer Vienna : Imprint: Springer, 2012.
Subjects:
Online Access:Full Text via HEAL-Link
LEADER 02040nam a22004935i 4500
001 978-3-7091-0797-3
003 DE-He213
005 20151125231822.0
007 cr nn 008mamaa
008 110923s2012 au | s |||| 0|eng d
020 |a 9783709107973  |9 978-3-7091-0797-3 
024 7 |a 10.1007/978-3-7091-0797-3  |2 doi 
040 |d GrThAP 
050 4 |a TJ163.12 
072 7 |a TDPB  |2 bicssc 
072 7 |a TEC009070  |2 bisacsh 
072 7 |a TEC008070  |2 bisacsh 
082 0 4 |a 629.8  |2 23 
245 1 0 |a Advanced Dynamics and Model-Based Control of Structures and Machines  |h [electronic resource] /  |c edited by Hans Irschik, Michael Krommer, Alexander K. Belyaev. 
264 1 |a Vienna :  |b Springer Vienna :  |b Imprint: Springer,  |c 2012. 
300 |a XIII, 241 p.  |b online resource. 
336 |a text  |b txt  |2 rdacontent 
337 |a computer  |b c  |2 rdamedia 
338 |a online resource  |b cr  |2 rdacarrier 
347 |a text file  |b PDF  |2 rda 
520 |a The book contains 26 scientific contributions by leading experts from Russia, Austria, Italy, Japan and Taiwan. It presents an overview on recent developments in Advanced Dynamics and Model Based Control of Structures and Machines. Main topics are nonlinear control of structures and systems, sensing and actuation, active and passive damping, nano- and micromechanics, vibrations and waves. 
650 0 |a Engineering. 
650 0 |a Mechanics. 
650 0 |a Mechanics, Applied. 
650 0 |a Mechanical engineering. 
650 0 |a Mechatronics. 
650 1 4 |a Engineering. 
650 2 4 |a Mechatronics. 
650 2 4 |a Theoretical and Applied Mechanics. 
650 2 4 |a Mechanical Engineering. 
700 1 |a Irschik, Hans.  |e editor. 
700 1 |a Krommer, Michael.  |e editor. 
700 1 |a Belyaev, Alexander K.  |e editor. 
710 2 |a SpringerLink (Online service) 
773 0 |t Springer eBooks 
776 0 8 |i Printed edition:  |z 9783709107966 
856 4 0 |u http://dx.doi.org/10.1007/978-3-7091-0797-3  |z Full Text via HEAL-Link 
912 |a ZDB-2-ENG 
950 |a Engineering (Springer-11647)